Statistics for 10 Smallest North American Countries by Area Quiz

Click here to take the quiz!

General Stats

  • This quiz has been taken 28 times
    (26 since last reset)
  • The average score is 10 of 10

Answer Stats

Area Sq. Km.Answer% Correct
443Antigua and Barbuda
100%
754Dominica
100%
344Grenada
100%
261Saint Kitts and Nevis
100%
389Saint Vincent and the Grenadines
100%
13,940Bahamas
95%
431Barbados
95%
616Saint Lucia
95%
5,128Trinidad and Tobago
95%
10,991Jamaica
90%

Score Distribution

Percentile by Number Answered

Percent of People with Each Score

Your Score History

You have not taken this quiz since the last reset